Diseño de una red UMTS en el municipio de Diriamba, departamento de Carazo.
Presenta el diseño de una red de comunicaciones moviles UMTS empleando las herramientas de software de planificación y simulación radio eléctrica Atoll desarrollada por la empresa FORSK.
| Main Authors: | , |
|---|---|
| Other Authors: | |
| Format: | Tesis Section = Libro |
| Language: | Undetermined Spanish |
| Published: |
Managua
UNI
2013
|
| Subjects: |
| LEADER | 01003nam a2200253Ia 4500 | ||
|---|---|---|---|
| 008 | 240830s9999 xx 000 0 und d | ||
| 040 | |a BIBLIOTECA-RUSB/ Mon 621.382 T694 | ||
| 041 | |a spa | ||
| 082 | |a Mon 621.382 T694 | ||
| 100 | 1 | |a Torres Sevilla, Erickson Osmani | |
| 100 | 1 | |b Medrano Medina, Kevin Santiago | |
| 245 | 1 | 0 | |a Diseño de una red UMTS en el municipio de Diriamba, departamento de Carazo. |
| 260 | |a Managua |b UNI |c 2013 | ||
| 300 | |a 81 p. :il. | ||
| 500 | |a Contiene: anexos. | ||
| 502 | |a Tesis (Ingeniero en Computación) - UNI, 2013. | ||
| 520 | 3 | |a Presenta el diseño de una red de comunicaciones moviles UMTS empleando las herramientas de software de planificación y simulación radio eléctrica Atoll desarrollada por la empresa FORSK. | |
| 650 | 7 | |a SISTEMA DE COMUNICACIÓN MOVIL | |
| 650 | 7 | |b SISTEMA DE RADIOCOMUNICACION | |
| 650 | 7 | |c TELEFONÍA MOVIL | |
| 700 | 1 | |a Tutor: |b Dalla-Torre Parrales, Cedrick Elksnher | |
| 942 | |c BK |2 ddc | ||
| 991 | |a TESIS | ||
| 999 | |c 20282 | ||